| 000 | 00814cam a22002531 4500 | ||
|---|---|---|---|
| 001 | 0000003483 | ||
| 005 | 20170406115047.0 | ||
| 008 | 750114s1961 nyua 000 0 eng | ||
| 010 | _a 61011428 | ||
| 035 | _9(DLC) 61011428 | ||
| 035 | _a(OCoLC)1140088 | ||
| 040 |
_aDLC _cOYesA _dOCoLC _dDLC |
||
| 042 | _aemarc=LC PreMARC Retrospective Conversion Project | ||
| 050 | 0 | 0 |
_aPE1408 _b.B699 1961 |
| 082 | 0 | _a808 | |
| 100 | 1 |
_aBrooks, Cleanth, _d1906-1994. |
|
| 245 | 1 | 0 |
_aModern rhetoric / _c[by] Cleanth Brooks [and] Robert Penn Warren. |
| 250 | _aShorter ed. | ||
| 260 |
_aNew York : _bHarcourt, Brace & World, _c[1961] |
||
| 300 |
_a376 p. : _billus. ; _c22 cm. |
||
| 650 | 0 |
_aEnglish language _xRhetoric. |
|
| 700 | 1 |
_aWarren, Robert Penn, _d1905-1989, _ejoint author. |
|
| 908 | _a140618 | ||
| 999 |
_c3359 _d3359 |
||